Buying time (Record no. 12889)

000 -LEADER
fixed length control field 00463pab a2200157 454500
008 - FIXED-LENGTH DATA ELEMENTS--GENERAL INFORMATION
fixed length control field 180718b1990 xxu||||| |||| 00| 0 eng d
100 ## - MAIN ENTRY--PERSONAL NAME
Personal name Hall, Richard L.
245 ## - TITLE STATEMENT
Title Buying time
Remainder of title Moneyed interests and the mobilisation of bias in congressional committees
260 ## - PUBLICATION, DISTRIBUTION, ETC.
Date of publication, distribution, etc. 1990
300 ## - PHYSICAL DESCRIPTION
Extent 797-820
362 ## - DATES OF PUBLICATION AND/OR SEQUENTIAL DESIGNATION
Dates of publication and/or sequential designation Sept.
650 ## - SUBJECT ADDED ENTRY--TOPICAL TERM
Topical term or geographic name entry element Legislative Committees - U.S.A.
700 ## - ADDED ENTRY--PERSONAL NAME
Personal name Frank W. Wayman
773 ## - HOST ITEM ENTRY
Main entry heading American Political Science Review
909 ## -
-- 12889
Holdings
Withdrawn status Lost status Damaged status Not for loan Permanent Location Current Location Date acquired Serial Enumeration / chronology Barcode Date last seen Price effective from Koha item type
        Indian Institute of Public Administration Indian Institute of Public Administration 2018-07-19 Volume no: 84, Issue no: 3 AR12932 2018-07-19 2018-07-19 Articles

Powered by Koha